000 00502pab a2200157 454500
008 180718b2015 xxu||||| |||| 00| 0 eng d
100 _aWalker, Richard M.
245 _aLimits on innovativeness in local government: examining capacity, complexity, and dynamism in organizational task environments
260 _c2015
300 _ap.663-683.
650 _aLocal government
700 _aAvellaneda, Claudia N.
700 _aBerry, Frances S.
773 _aPublic Administration
909 _a109653
999 _c109648
_d109648